Регионална библиотека "Любен Каравелов" - Русе

Малко слънце (Запис номер 6311)

MARC детайли
000 -Лидер
Контролно поле с фиксирана дължина 00934nam a2200313 c 4500
003 - Код на организацията, давaща контролен номер
Контролно поле BLK
005 - Дата и час на последна редакция
Контролно поле 20220225173024.0
008 - Елементи от данни с фиксирана дължина
fixed length control field 180412b bul|||||r ||||||| ||bul||
010 ## - Наследен системен номер
LC control number KNG00007536000
040 ## - Източник на каталожния запис
Идентификатор на билиотеката - собственик на записа BLK
041 ## - Код за език
Код за езика на текст/звукозапис или на отделно заглавие Български
Код за езика КДБФ Български
072 #7 - Код за тематичната категория
Код организация bullib
Код за тематична категория Я
Текст Автографи
080 ## - УДК
Текстов определител УДК Българска литература
УДК код - определител по УДК 821.163.2
УДК определител -1
УДК - код + определител 821.163.2-1
100 1# - Редна дума - Автор
Автор Петров, Неделчо
Авторска отговорност първи автор
R(LIN) 251313
139 ## - Редно поле
Редна дума Петров, Неделчо
Авторски знак Петро - П 47
245 10 - Сведения за заглавието
Заглавие Малко слънце
Подзаглавни данни Стихове
Редно поле (дума) Неделчо Петров.
257 ## - Страна на издаване
Страна на създаване/издаване България
260 ## - Област на издателските данни
Име на издателя, разпространителя и проч. Булгарика
Година на издаване 1995
300 ## - Физическа характеристика
Страници 72 с.
Илюстрации и др. с ил.
Размери/Мащаб 20 см
380 ## - Жанр
Жанр Худож. лит.
500 ## - Общи забележки
Забележка Офс. изд. - 1 000 тир.
659 ## - Тематичен бюлетин
Тематичен бюлетин К
659 ## - Тематичен бюлетин
Тематичен бюлетин Я
852 ## - Местоположение
Форматна сигнатура Цб 182950
852 ## - Местоположение
Форматна сигнатура К 821.163.2/П 47 Н
856 4# - Електронен адрес и достъп
Електронен формат pdf - файл
Път до файла /url/
856 4# - Електронен адрес и достъп
Електронен формат pdf - файл
Път до файла /url/
999 ## - СИСТЕМНИ КОНТРОЛНИ НОМЕРА
Koha biblionumber 6311
Koha biblioitemnumber 6311
942 ## - АРТИКУЛИ
Вид на библиотечния материал Книги
Скрит в OPAC Не
Периодичен библиозапис Да
944 ## - СЪЗДАВАНЕ И РЕДАКЦИЯ на ЗАПИСА
Създаване/Редакция Създаване
Дата на регистрацията/редакция 08.05.2003
Служител, извършил регистрацията/редакцията AB_DOS
944 ## - СЪЗДАВАНЕ И РЕДАКЦИЯ на ЗАПИСА
Създаване/Редакция Редакция
Дата на регистрацията/редакция 08.05.2003
999 ## - СИСТЕМНИ КОНТРОЛНИ НОМЕРА
Koha biblioitemnumber 6311
Наличности
Код за отписване Код за изгубен артикул Код за повреда Коз за рестрикции Код за отдаване Артикулен № Име на библиотеката - собственик Име на библиотеката, в която се намира в момента Статус (Текущо местоположение) Дата на вписване в системата Местоположение - отдел Цена в лева Номерация (Хронология) Инвентарен номер Систематично азбучна сигнатура Баркод Номер на екземпляра Цена в евро Служебна бележка Служебен тип на артикула Източник на класификационната схема
  Не е изгубен Не е повреден без рестрикции ползва се в читалня 11017 Регионална библиотека "Любен Каравелов" Русе Регионална библиотека "Любен Каравелов" Русе Хранилище 2003-04-17 Основен фонд - ползва се само за читалня 2.00 Автограф: Неделчо Петров 120000675883 Цб 182950 120000675883 1 1.02 Дост: DA Вид: А N: 11 Дата: 16.04.2003 Дата инв: 16.10.2014 Бележки инв: Цб2014 Книги  
  Не е изгубен Не е повреден без рестрикции заемане за дома 11018 Регионална библиотека "Любен Каравелов" Русе Регионална библиотека "Любен Каравелов" Русе Заемна - подръчен фонд 2003-04-17 Заемна - подръчен фонд 2.00   120000675884 П 886.7-1/П 47 120000675884 2 1.02 Дост: DA Вид: А N: 11 Дата: 16.04.2003 Дата инв: 14.02.2018 Бележки инв: П2018 Книги  
  Не е изгубен Не е повреден без рестрикции ползва се в читалня 11019 Регионална библиотека "Любен Каравелов" Русе Регионална библиотека "Любен Каравелов" Русе Краезнание 2003-04-17 Краезнание 2.00   120000675885 К 821.163.2/П 47 Н 120000675885 3 1.02 Дост: DA Вид: А N: 11 Дата: 16.04.2003 Дата инв: 15.11.2017 Бележки инв: К2017 Книги Universal Decimal Classification
  Не е изгубен Не е повреден без рестрикции ползва се в читалня 11020 Регионална библиотека "Любен Каравелов" Русе Регионална библиотека "Любен Каравелов" Русе Хранилище 1995-01-01 Хранилище 0.32   612961 Цб 182950 120000612961 4 0.16 Дост: Dp Вид: Д N: стар фонд Дата: 01.01.1995 Дата инв: 16.10.2014 Бележки инв: Цб2014 Книги Universal Decimal Classification
Vip Innovations Ltd, Rousse, Bulgaria 2025